[Event "Benidorm Ciegos-ch 15th"]
[Site "Benidorm"]
[Date "2015.06.13"]
[Round "7"]
[White "Lago Carballo, Carmen"]
[Black "Sanchez Soler, Manuel"]
[Result "1-0"]
[WhiteElo "1448"]
[BlackElo "1419"]
[PlyCount "63"]
[EventDate "2015.06.07"]
[EventType "swiss"]
[EventRounds "7"]
[EventCountry "ESP"]
[SourceTitle "CBM 167 Extra"]
[Source "ChessBase"]
[SourceDate "2015.09.14"]
[SourceVersion "1"]
[SourceVersionDate "2015.09.14"]
[SourceQuality "1"]

1. e4 e5 2. Nf3 Nf6 3. Nxe5 d6 4. Nf3 Nxe4 5. Qe2 Qe7 6. d3 Nf6 7. Nc3 Qxe2+ 8. Bxe2 Be7 9. Nb5 Na6 10. 0-0 c6 11. Nc3 0-0 12. Re1 Nb4 13. Bd1 Nxc2 14. Bxc2 Be6 15. Ng5 Rae8 16. Nxe6 fxe6 17. Bb3 Kh8 18. Bxe6 h6 19. Bd2 Bd8 20. Re2 Bb6 21. Rae1 Rd8 22. a3 Bd4 23. Be3 c5 24. Bxd4 cxd4 25. Ne4 Nh5 26. g3 b6 27. f4 d5 28. Nf2 Nf6 29. Ng4 Nh5 30. Re5 Nf6 31. Nxf6 gxf6 32. Rxd5 1-0